| 000 | 00491cam a2200193 4500 | ||
|---|---|---|---|
| 001 | D6143 | ||
| 008 | 090401t1974 xxu||||| |||| 00| 0 eng d | ||
| 035 | _a(Sirsi) u86838 | ||
| 041 | _aeng | ||
| 050 | _a336.2424 | ||
| 100 | _aJohnson, T.A. | ||
| 245 | _aCalculation for development gains tax | ||
| 260 |
_aReading _bCALUS _c1974 |
||
| 300 | _a83p. 21cm | ||
| 350 | _a1.8 | ||
| 490 |
_aProperty Studies in the United Kingdom and Overseas _vStudy 4 |
||
| 942 | _n0 | ||
| 948 | _c04/03/1997 | ||
| 999 |
_c97182 _d97182 |
||